La città alla rovescia : un etero alla ri-cerca di un gay /
I tiakina i:
| Kaituhi matua: | |
|---|---|
| Ētahi atu kaituhi: | |
| Hōputu: | Pukapuka |
| Reo: | Itāriana |
| I whakaputaina: |
Roma :
Omo,
1995
|
| Rangatū: | Dogana
|
| Ngā Tūtohu: |
Kāore He Tūtohu, Me noho koe te mea tuatahi ki te tūtohu i tēnei pūkete!
|
MARC
| LEADER | 00000nam a22000007i 4500 | ||
|---|---|---|---|
| 001 | IT\ICCU\BVE\0097165 | ||
| 003 | ItRI | ||
| 005 | 20260124121933.0 | ||
| 008 | 960730s1995 it |||||| ||||| |||||c | ||
| 040 | |b ita |c ct | ||
| 041 | 7 | |a ita |2 ISO-639-2 | |
| 100 | 1 | |a Arcuri, Italo |0 IT\ICCU\BVEV\040310 |4 aut | |
| 245 | 1 | 3 | |a La città alla rovescia : |b un etero alla ri-cerca di un gay / |c Italo Arcuri ; illustrazioni di Mariella Falasca. Alessio e gli gnomi / Silvio Zonfrilli. |
| 260 | |a Roma : |b Omo, |c 1995 | ||
| 300 | |a 65 p. : |b ill. ; |c 17 cm | ||
| 500 | |a Pubbl. bifronte. | ||
| 700 | 1 | |a Falasca, Mariella |0 IT\ICCU\BVEV\040311 | |
| 777 | 1 | |w IT\ICCU\BVE\0097170 |t Alessio e gli gnomi. |a Zonfrilli, Silvio | |
| 777 | 1 | |w IT\ICCU\BVE\0097174 |t La città alla rovescia. |a Arcuri, Italo | |
| 830 | 0 | |a Dogana |0 IT\ICCU\BVE\0097176 | |
| 942 | |2 ddc |c BK | ||
| 952 | |0 0 |1 0 |2 ddc |4 0 |6 B_LNR01ARCITCIT11 |7 0 |9 9593 |a MI |b MI |d 2008-01-20 |i 5379 |l 0 |o B-LNR01-ARCIT-CIT11 |r 2025-09-13 18:11:00 |w 2025-09-13 |x Problemi con il numero di inventario che è stato duplicato |y BK |z DONO | ||
| 952 | |0 0 |1 0 |4 0 |6 DOC_853_914000000000000_ARC |7 0 |9 23786 |a BO |b BO |d 2026-01-15 |i 5370 |l 0 |o DOC 853.914 ARC |p BO5370 |r 2026-01-15 23:23:10 |w 2026-01-15 |x [Sebina 5] [1 v.] |y BK |z 1 v. | ||
| 999 | |c 7383 |d 7383 | ||